Villes de l'Aveyron par arrondissement - Statistiques

Statistiques générales
  • Ce quiz a été pris 86 fois
  • Le résultat moyen est 9 sur 15
Statistiques - réponses
Ville Population % Correct
Rodez 24 207
98%
Millau 21 712
94%
Villefranche-de-Rouergue 11 720
92%
Onet-le-Château 11 873
80%
Saint-Affrique 7 992
77%
Decazeville 5 111
71%
Luc-la-Primaube 6 000
65%
Sévérac d'Aveyron 4 062
54%
Espalion 4 624
48%
Baraqueville 3 163
43%
Capdenac-Gare 4 407
43%
Aubin 3 352
34%
La Cavalerie 2 195
29%
Réquista 1 961
20%
Flavin 2 730
15%
Aucun quiz correspondant
Distribution des résultats
% des personnes avec chaque résultat
Percentile par nombre de réponses
Votre historique - résultats
Vous n’avez pas pris ce quiz